[Event "Scarborough CC-ch"]
[Site "Toronto CAN"]
[Date "2022.06.16"]
[Round "5.7"]
[White "Jeyakumar, Bhavatharshan"]
[Black "Pedersen, Rune"]
[Result "0-1"]
[WhiteElo "1779"]
[BlackElo "2206"]
[PlyCount "132"]
[EventDate "2022.05.19"]
[EventType "swiss"]
[EventRounds "5"]
[EventCountry "CAN"]

1. e4 c5 2. Nf3 Nc6 3. c3 Nf6 4. e5 Nd5 5. d4 cxd4 6. cxd4 d6 7. Bc4 Nb6 8. Bb3
d5 9. O-O Bg4 10. Be3 e6 11. h3 Bh5 12. Re1 Bb4 13. Nbd2 Bxd2 14. Qxd2 Bxf3 15.
gxf3 Qh4 16. Kg2 O-O 17. Rad1 f6 18. f4 f5 19. Kh2 Rad8 20. Rg1 Nc4 21. Qe2 b5
22. Rg5 g6 23. Bxc4 dxc4 24. a4 a6 25. Qf3 Rd5 26. axb5 axb5 27. Rdg1 Kh8 28.
Rd1 Rfd8 29. Kg2 Ra8 30. Rd2 Ra2 31. Qd1 Kg7 32. Qb1 Ra8 33. Qd1 Nb4 34. Kh2
Nd3 35. Qf3 Ra1 36. Rg1 Ra2 37. b3 Rxd2 38. Bxd2 Qxf2+ 39. Qxf2 Nxf2 40. bxc4
bxc4 41. Be3 Ne4 42. Ra1 Rd7 43. Ra6 Kf7 44. Rc6 c3 45. Kg2 Rb7 46. Kf3 Ke7 47.
Ke2 Kd7 48. Ra6 h6 49. Kd3 g5 50. Ke2 c2 51. Kd3 Rb3+ 52. Kxc2 Rxe3 53. fxg5
hxg5 54. Ra7+ Kc6 55. Re7 f4 56. Rxe6+ Kd5 57. Re8 f3 58. e6 Nd6 59. Rf8 Kxe6
60. Kd2 Nc4+ 61. Kd1 Kd5 62. Rd8+ Ke4 63. Rf8 Nb6 64. Rf6 Nd5 65. Re6+ Kf4 66.
Rxe3 Kxe3 0-1

[Event "Scarborough CC-ch"]
[Site "Toronto CAN"]
[Date "2022.06.23"]
[Round "6.1"]
[White "Jacobs, Michael"]
[Black "Cifuentes, Hector"]
[Result "1-0"]
[WhiteElo "1983"]
[BlackElo "1889"]
[PlyCount "67"]
[EventDate "2022.05.19"]
[EventType "swiss"]
[EventRounds "5"]
[EventCountry "CAN"]

1. e4 c5 2. c3 d6 3. d4 cxd4 4. cxd4 g6 5. Nc3 Bg7 6. Nf3 Nf6 7. Bc4 Nbd7 8. e5
dxe5 9. dxe5 Ng4 10. e6 fxe6 11. Ng5 Bxc3+ 12. bxc3 Nde5 13. Bb5+ Bd7 14. Bxd7+
Qxd7 15. Qxd7+ Kxd7 16. O-O Nf6 17. Re1 Nc4 18. Nxe6 Rac8 19. Bg5 h6 20. Rad1+
Nd6 21. Bxf6 exf6 22. Nf4 g5 23. Nd5 Rhf8 24. Re7+ Kd8 25. Rh7 Rf7 26. Rxf7
Nxf7 27. Nb6+ Kc7 28. Nxc8 Kxc8 29. f4 Kc7 30. fxg5 hxg5 31. Rf1 Nd6 32. Rxf6
Ne4 33. Rf5 Kc6 34. c4 1-0

[Event "Scarborough CC-ch"]
[Site "Toronto CAN"]
[Date "2022.06.23"]
[Round "6.2"]
[White "Huang, Richard"]
[Black "Hay, Jonathan"]
[Result "0-1"]
[WhiteElo "1953"]
[BlackElo "2022"]
[PlyCount "48"]
[EventDate "2022.05.19"]
[EventType "swiss"]
[EventRounds "5"]
[EventCountry "CAN"]

1. d4 d5 2. Bf4 c5 3. e3 cxd4 4. exd4 Nc6 5. c3 f6 6. Bd3 e5 7. dxe5 fxe5 8.
Qh5+ g6 9. Bxg6+ hxg6 10. Qxh8 exf4 11. Qxg8 Bf5 12. Ne2 f3 13. gxf3 Qd7 14.
Qh8 O-O-O 15. Nd2 Bg7 16. Qh4 Re8 17. Kd1 d4 18. Nxd4 Bxd4 19. cxd4 Nxd4 20.
Rc1+ Kb8 21. Qf4+ Ka8 22. Re1 Qa4+ 23. b3 Rxe1+ 24. Kxe1 Nc2+ 0-1

[Event "Scarborough CC-ch"]
[Site "Toronto CAN"]
[Date "2022.06.23"]
[Round "6.3"]
[White "Pedersen, Rune"]
[Black "Li, Adam"]
[Result "0-1"]
[WhiteElo "2206"]
[BlackElo "1846"]
[PlyCount "38"]
[EventDate "2022.05.19"]
[EventType "swiss"]
[EventRounds "5"]
[EventCountry "CAN"]

1. e4 e5 2. Nf3 Nc6 3. Nc3 Nf6 4. g3 Be7 5. Bg2 O-O 6. d4 exd4 7. Nxd4 Bb4 8.
O-O Re8 9. Nxc6 dxc6 10. Qxd8 Rxd8 11. Bg5 h6 12. Bf4 Ne8 13. a3 Bxc3 14. bxc3
Be6 15. Rfd1 g5 16. Be3 Nd6 17. f4 f6 18. Kf2 Bg4 19. Bf3 Nxe4+ 0-1

[Event "Scarborough CC-ch"]
[Site "Toronto CAN"]
[Date "2022.06.23"]
[Round "6.4"]
[White "Chamberland, Luc"]
[Black "Southam, David"]
[Result "0-1"]
[WhiteElo "1741"]
[BlackElo "2042"]
[PlyCount "72"]
[EventDate "2022.05.19"]
[EventType "swiss"]
[EventRounds "5"]
[EventCountry "CAN"]

1. e4 e6 2. d4 d5 3. exd5 exd5 4. Nf3 Bd6 5. Bd3 Ne7 6. Bg5 f6 7. Bh4 Bg4 8.
Nbd2 Nbc6 9. c3 Qd7 10. b4 Ng6 11. Bg3 Nf4 12. Bxf4 Bxf4 13. h3 Qe7+ 14. Qe2
Qxe2+ 15. Bxe2 Bd7 16. O-O-O a5 17. b5 Na7 18. a4 c6 19. c4 dxc4 20. Bxc4 cxb5
21. Rhe1+ Kd8 22. axb5 Nxb5 23. Kb2 Nd6 24. Ba2 Re8 25. Nc4 Nxc4+ 26. Bxc4 b5
27. Bd3 Rxe1 28. Rxe1 g6 29. Re4 Bd6 30. Rh4 a4 31. Rxh7 a3+ 32. Ka1 Ra5 33.
Nd2 Be6 34. Ne4 Bb4 35. Rb7 f5 36. Bxb5 fxe4 0-1

[Event "Scarborough CC-ch"]
[Site "Toronto CAN"]
[Date "2022.06.23"]
[Round "6.5"]
[White "Yang, Larry"]
[Black "Wu, Benjamin"]
[Result "1-0"]
[WhiteElo "1722"]
[BlackElo "1841"]
[PlyCount "65"]
[EventDate "2022.05.19"]
[EventType "swiss"]
[EventRounds "5"]
[EventCountry "CAN"]

1. e4 c6 2. d4 d5 3. e5 Bf5 4. Nf3 e6 5. c4 Nd7 6. Nc3 Bg6 7. cxd5 cxd5 8. Bd3
a6 9. h4 Ne7 10. h5 Bxd3 11. Qxd3 h6 12. g4 Nc6 13. g5 hxg5 14. Nxg5 Bb4 15.
Nxf7 Kxf7 16. Qg6+ Kf8 17. Rg1 Rg8 18. h6 Ndxe5 19. dxe5 Nxe5 20. hxg7+ Ke7 21.
Qg5+ Kd6 22. Bf4 Qxg5 23. Rxg5 d4 24. Bxe5+ Kc5 25. a3 Bxc3+ 26. bxc3 dxc3 27.
Bxc3+ Kc4 28. Be5 Kd5 29. f4 Ke4 30. Rd1 Rac8 31. Ke2 Rc2+ 32. Rd2 Rc4 33. Rh5
1-0

[Event "Scarborough CC-ch"]
[Site "Toronto CAN"]
[Date "2022.06.23"]
[Round "6.6"]
[White "Lawless, David"]
[Black "Sharpe, Sam"]
[Result "1-0"]
[WhiteElo "1990"]
[BlackElo "1952"]
[PlyCount "77"]
[EventDate "2022.05.19"]
[EventType "swiss"]
[EventRounds "5"]
[EventCountry "CAN"]

1. e4 e5 2. f4 exf4 3. Nf3 d5 4. exd5 Nf6 5. Bc4 Bd6 6. Qe2+ Qe7 7. Nc3 Qxe2+
8. Nxe2 O-O 9. O-O c6 10. dxc6 Nxc6 11. d4 Nh5 12. c3 h6 13. b4 Bg4 14. Bd2
Rae8 15. Rae1 g5 16. Nc1 Kg7 17. Nd3 Bxf3 18. gxf3 Nf6 19. Nc5 Rxe1 20. Rxe1 b6
21. Ne4 Nxe4 22. Rxe4 Ne7 23. Bb3 Ng8 24. c4 Nf6 25. Re1 Re8 26. Rxe8 Nxe8 27.
c5 bxc5 28. bxc5 Bc7 29. Bc3 f5 30. d5+ Kg6 31. Ba4 Kf7 32. Bc2 Kg6 33. Bd3 h5
34. h3 Bb8 35. Bb4 Kf6 36. d6 Ng7 37. Bc3+ Kf7 38. Bc4+ Ne6 39. Be5 1-0

[Event "Scarborough CC-ch"]
[Site "Toronto CAN"]
[Date "2022.06.23"]
[Round "6.7"]
[White "Jeyakumar, Bhavatharshan"]
[Black "Mendoza, Armand Jess"]
[Result "1/2-1/2"]
[WhiteElo "1779"]
[BlackElo "1943"]
[PlyCount "137"]
[EventDate "2022.05.19"]
[EventType "swiss"]
[EventRounds "5"]
[EventCountry "CAN"]

1. e4 c5 2. Nf3 d6 3. d4 cxd4 4. Nxd4 Nf6 5. Nc3 a6 6. Bg5 e6 7. f4 Bd7 8. Qf3
Qc7 9. O-O-O Nc6 10. Be2 O-O-O 11. Kb1 Be7 12. f5 h6 13. Be3 e5 14. Nb3 Kb8 15.
Qf2 Rdg8 16. Bb6 Qc8 17. Bf3 g5 18. g4 h5 19. h3 hxg4 20. hxg4 Rxh1 21. Rxh1
Bd8 22. Rh6 Be7 23. Qh2 Na7 24. Na5 Nc6 25. Nb3 Na7 26. Na5 Nb5 27. Qd2 Nxc3+
28. bxc3 Ne8 29. Rh7 Rf8 30. Kb2 Bc6 31. c4 Nf6 32. Rh6 Nxe4 33. Bxe4 Bxe4 34.
f6 Bxf6 35. Qxd6+ Ka8 36. Rxf6 Bg6 37. Qxe5 Qxg4 38. Bc5 Qg2 39. Qd6 Qxc2+ 40.
Ka3 Qc3+ 41. Nb3 Rc8 42. Bb4 Qxc4 43. Qe5 Bb1 44. Rb6 Qc2 45. Qb2 g4 46. Be1
Rc4 47. Rb4 Qxb2+ 48. Kxb2 Bd3 49. Rxc4 Bxc4 50. Bg3 b5 51. Nc5 Ka7 52. a3 Kb6
53. Nd7+ Kb7 54. Kc3 a5 55. Kd4 Be2 56. Kc5 Kc8 57. Ne5 f6 58. Nc6 b4 59. axb4
axb4 60. Nxb4 Kd7 61. Kd5 Bf3+ 62. Kd4 Ke6 63. Nd3 Kf5 64. Nf4 Kg5 65. Ne6+ Kg6
66. Ke3 Kf5 67. Nf4 Bb7 68. Ne2 Bf3 69. Nf4 1/2-1/2

[Event "Scarborough CC-ch"]
[Site "Toronto CAN"]
[Date "2022.06.30"]
[Round "7.1"]
[White "Southam, David"]
[Black "Jacobs, Michael"]
[Result "1-0"]
[WhiteElo "2042"]
[BlackElo "1983"]
[PlyCount "93"]
[EventDate "2022.05.19"]
[EventType "swiss"]
[EventRounds "5"]
[EventCountry "CAN"]

1. d4 d5 2. c4 e6 3. Nf3 Nf6 4. g3 c6 5. Nbd2 Nbd7 6. Bg2 Be7 7. O-O O-O 8. Qc2
dxc4 9. Nxc4 c5 10. Rd1 cxd4 11. Nxd4 Qc7 12. Bf4 Qc5 13. b4 Qh5 14. Bd6 Bxd6
15. Nxd6 Nb6 16. Rac1 Bd7 17. Qc5 e5 18. Nf3 Bc6 19. h3 Nbd7 20. Qc3 Bxf3 21.
Qxf3 Qg6 22. Qf5 Qxf5 23. Nxf5 Rab8 24. Rc7 b6 25. Rxa7 Rbd8 26. Ne7+ Kh8 27.
Nc6 Ra8 28. Rxa8 Rxa8 29. Nxe5 Ra7 30. Nxd7 Rxd7 31. Rxd7 Nxd7 32. Bc6 Ne5 33.
Bb5 Ng6 34. a4 Ne7 35. e4 Kg8 36. Bd7 Ng6 37. a5 bxa5 38. bxa5 Ne5 39. Bb5 Nf3+
40. Kh1 Nd4 41. Ba4 Ne6 42. a6 Nc7 43. a7 g6 44. Bc6 Kg7 45. a8=Q Nxa8 46. Bxa8
Kf6 47. f4 1-0

[Event "Scarborough CC-ch"]
[Site "Toronto CAN"]
[Date "2022.06.30"]
[Round "7.2"]
[White "Hay, Jonathan"]
[Black "Cifuentes, Hector"]
[Result "1-0"]
[WhiteElo "2022"]
[BlackElo "1889"]
[PlyCount "71"]
[EventDate "2022.05.19"]
[EventType "swiss"]
[EventRounds "5"]
[EventCountry "CAN"]

1. d4 Nf6 2. Bf4 d5 3. e3 Bf5 4. c4 e6 5. Nc3 c6 6. Qb3 Qb6 7. c5 Qxb3 8. axb3
Nbd7 9. b4 Nh5 10. Bc7 Rc8 11. Be5 f6 12. Bd6 Bxd6 13. cxd6 g5 14. Rxa7 b5 15.
Be2 Ng7 16. Nf3 Bc2 17. Nd2 h5 18. O-O Kd8 19. Nxb5 Ne8 20. Na3 Bf5 21. Ba6 Rb8
22. Rc1 Nxd6 23. Rxc6 Nc8 24. Rac7 Ncb6 25. Nb3 Ke7 26. Nc5 Rhd8 27. f3 Na8 28.
Ra7 Rxb4 29. e4 dxe4 30. fxe4 Bxe4 31. Nxe4 Rxd4 32. Nc5 Rd6 33. Bb5 Rxc6 34.
Bxc6 Nab6 35. Nb5 Rc8 36. Nxd7 1-0

[Event "Scarborough CC-ch"]
[Site "Toronto CAN"]
[Date "2022.06.30"]
[Round "7.3"]
[White "Li, Adam"]
[Black "Lawless, David"]
[Result "1-0"]
[WhiteElo "1846"]
[BlackElo "1990"]
[PlyCount "119"]
[EventDate "2022.05.19"]
[EventType "swiss"]
[EventRounds "5"]
[EventCountry "CAN"]

1. e4 e5 2. Nf3 Nc6 3. Bc4 Bc5 4. c3 Nf6 5. d3 d6 6. Nbd2 a6 7. h3 O-O 8. O-O
Ba7 9. Re1 Na5 10. Bb3 Nxb3 11. axb3 h6 12. Nf1 Re8 13. b4 c6 14. g4 d5 15. Qc2
Qd6 16. Ng3 Bd7 17. Nh4 Rad8 18. Qe2 Bc8 19. Nhf5 Qf8 20. g5 hxg5 21. Bxg5 Re6
22. Nh5 Nxh5 23. Qxh5 Rg6 24. Kh2 Re8 25. Rg1 Bxf2 26. Rg4 dxe4 27. dxe4 Rxg5
28. Qxg5 Bxf5 29. Qxf5 Be3 30. Rh4 g6 31. Qf3 Bf4+ 32. Kh1 Rd8 33. Rd1 Rd6 34.
Rg4 Qd8 35. Rxd6 Qxd6 36. Qe2 Kg7 37. Rg1 Qd7 38. Kg2 Qd8 39. Rd1 Qg5+ 40. Qg4
Qf6 41. Rd3 c5 42. bxc5 Qc6 43. Rd5 Qb5 44. b4 Qc4 45. Qf3 Qa2+ 46. Qf2 Qc4 47.
Qc2 f5 48. Rd7+ Kh6 49. Rxb7 fxe4 50. Qf2 g5 51. Rb6+ Kg7 52. Rb7+ Kg6 53. Qf1
Qd5 54. Rb6+ Kf5 55. Qe2 e3+ 56. Kg1 Qb3 57. Qd3+ e4 58. Qd7+ Ke5 59. Qd4+ Kf5
60. Rf6# 1-0

[Event "Scarborough CC-ch"]
[Site "Toronto CAN"]
[Date "2022.06.30"]
[Round "7.4"]
[White "Yang, Larry"]
[Black "Chamberland, Luc"]
[Result "1-0"]
[WhiteElo "1722"]
[BlackElo "1741"]
[PlyCount "59"]
[EventDate "2022.05.19"]
[EventType "swiss"]
[EventRounds "5"]
[EventCountry "CAN"]

1. e4 e6 2. d4 d5 3. e5 c5 4. c3 Nc6 5. Nf3 Bd7 6. Be2 Nge7 7. O-O h6 8. Na3
cxd4 9. cxd4 a6 10. Nc2 Ng6 11. Bd3 Nh4 12. Nxh4 Qxh4 13. f4 Qd8 14. f5 Qb6 15.
Be3 O-O-O 16. fxe6 Bxe6 17. Bf5 Ne7 18. Bxe6+ Qxe6 19. Qf3 Nf5 20. Qxf5 Qxf5
21. Rxf5 Rd7 22. Raf1 f6 23. exf6 gxf6 24. Rxf6 Bg7 25. Rf7 Rg8 26. Rxd7 Kxd7
27. Rf7+ Kc6 28. Nb4+ Kd6 29. Rxb7 a5 30. Rb6+ 1-0

[Event "Scarborough CC-ch"]
[Site "Toronto CAN"]
[Date "2022.06.30"]
[Round "7.5"]
[White "Wu, Benjamin"]
[Black "Mendoza, Armand Jess"]
[Result "1-0"]
[WhiteElo "1843"]
[BlackElo "1943"]
[PlyCount "33"]
[EventDate "2022.05.19"]
[EventType "swiss"]
[EventRounds "5"]
[EventCountry "CAN"]

1. e4 c5 2. Nf3 d6 3. d4 cxd4 4. Nxd4 Nf6 5. Nc3 a6 6. Bc4 Nbd7 7. a3 b5 8. Ba2
Bb7 9. O-O Nxe4 10. Nxe4 Bxe4 11. Re1 Bg6 12. f4 h6 13. f5 Bh7 14. Qf3 Ne5 15.
Rxe5 dxe5 16. Qc6+ Qd7 17. Qxa8+ 1-0

[Event "Scarborough CC-ch"]
[Site "Toronto CAN"]
[Date "2022.06.30"]
[Round "7.6"]
[White "Manalo, Pepin"]
[Black "Huang, Richard"]
[Result "0-1"]
[WhiteElo "1931"]
[BlackElo "1953"]
[PlyCount "54"]
[EventDate "2022.05.19"]
[EventType "swiss"]
[EventRounds "5"]
[EventCountry "CAN"]

1. e4 g6 2. d4 Bg7 3. Nf3 d6 4. Bc4 Nf6 5. Nc3 O-O 6. Qe2 Nbd7 7. e5 Ne8 8. e6
fxe6 9. Bxe6+ Kh8 10. Ne4 Nef6 11. Neg5 Qe8 12. Qc4 Nb6 13. Qxc7 Nfd5 14. Bxd5
Nxd5 15. Qc4 Qc6 16. Qb3 Bf5 17. c4 Nb6 18. c5 Nd5 19. cxd6 exd6 20. Be3 Bc2
21. Qa3 Qb5 22. Ne6 Rae8 23. Nxf8 Nf4 24. Kd2 Qe2+ 25. Kc1 Nd3+ 26. Qxd3 Bxd3
27. Bd2 Rc8+ 0-1

[Event "Scarborough CC-ch"]
[Site "Toronto CAN"]
[Date "2022.06.30"]
[Round "7.7"]
[White "Jeyakumar, Bhavatharshan"]
[Black "Mao, Fengxi"]
[Result "1/2-1/2"]
[WhiteElo "1778"]
[BlackElo "2241"]
[PlyCount "93"]
[EventDate "2022.05.19"]
[EventType "swiss"]
[EventRounds "5"]
[EventCountry "CAN"]

1. e4 Nh6 2. d4 c6 3. Bd3 Na6 4. c3 d5 5. Nf3 dxe4 6. Bxe4 Bf5 7. Bxf5 Nxf5 8.
Qb3 Qb6 9. Bf4 e6 10. Nbd2 Qb5 11. Nc4 Rc8 12. O-O h5 13. Rfe1 Nc7 14. h3 Nd5
15. Bh2 Be7 16. Nfe5 O-O 17. Qc2 c5 18. a4 Qe8 19. dxc5 Rxc5 20. Qe2 g6 21. Qd3
Qc8 22. Nd2 Nf6 23. Ne4 Rd5 24. Nxf6+ Bxf6 25. Qe2 Rfd8 26. Rad1 Qc5 27. Rxd5
Qxd5 28. Nf3 Qb3 29. a5 a6 30. Bc7 Rd7 31. Bb6 Qd5 32. Qe4 Qxe4 33. Rxe4 Rd1+
34. Re1 Rd3 35. Kf1 Kf8 36. Ke2 Rd5 37. Rd1 Rxd1 38. Kxd1 Ke7 39. Kd2 e5 40.
Kd3 Ke6 41. Nd2 Be7 42. Ne4 Nh4 43. g3 Nf5 44. Bc5 Bd8 45. Bb4 Kd5 46. c4+ Kc6
47. Bc3 1/2-1/2

[Event "Ste-Foy 1"]
[Site "Ste-Foy CAN"]
[Date "2022.11.07"]
[Round "1"]
[White "Berube, Antoine"]
[Black "Gaudreau, Eric"]
[Result "1-0"]
[WhiteElo "2158"]
[BlackElo "1658"]
[PlyCount "49"]
[EventDate "2022.11.07"]
[EventType "swiss"]
[EventRounds "7"]
[EventCountry "CAN"]

1. d4 Nf6 2. c4 g6 3. h4 h5 4. Nc3 Bg7 5. e4 d6 6. Be2 c6 7. Nf3 Nbd7 8. O-O e5
9. d5 Nc5 10. Ng5 a5 11. Rb1 Bh6 12. g3 Ng4 13. Kg2 f6 14. Nh3 Bxc1 15. Qxc1
Qe7 16. b3 Qg7 17. a3 Bd7 18. b4 axb4 19. axb4 Na6 20. Qd2 Nc7 21. c5 cxd5 22.
exd5 Qh6 23. Rfd1 Qxd2 24. Rxd2 Ke7 25. cxd6+ 1-0

[Event "Ste-Foy 1"]
[Site "Ste-Foy CAN"]
[Date "2022.11.07"]
[Round "1"]
[White "Couture, Francois"]
[Black "Mercure, Gilbert"]
[Result "0-1"]
[WhiteElo "1186"]
[BlackElo "1922"]
[PlyCount "88"]
[EventDate "2022.11.07"]
[EventType "swiss"]
[EventRounds "7"]
[EventCountry "CAN"]

1. d4 d5 2. c4 Nc6 3. Nf3 Bg4 4. Nc3 e6 5. Bf4 Bb4 6. e3 Nf6 7. Qc2 Bxf3 8.
gxf3 Bd6 9. Bg5 h6 10. Bh4 dxc4 11. Ne4 Bb4+ 12. Nc3 Qd7 13. Bxf6 gxf6 14. a3
Bxc3+ 15. Qxc3 Qd5 16. e4 Qxd4 17. Bxc4 Qxc3+ 18. bxc3 Ne5 19. Be2 O-O-O 20.
O-O Rd2 21. Rfe1 Ng6 22. Rad1 Rxd1 23. Rxd1 Nf4 24. Bf1 Rd8 25. Rxd8+ Kxd8 26.
Bc4 c6 27. Kf1 b5 28. Bb3 Ke7 29. c4 a6 30. Ke1 c5 31. Kd2 Kd6 32. Ke3 Ke5 33.
Kd2 Kd4 34. Kc2 bxc4 35. Ba4 Nd3 36. Be8 Ne1+ 37. Kd1 Nxf3 38. Bxf7 Ke5 39. Bh5
Kxe4 40. Kc2 Nd4+ 41. Kd2 a5 42. a4 Nf3+ 43. Kc3 Ne5 44. Bf7 Nxf7 0-1

[Event "Ste-Foy 1"]
[Site "Ste-Foy CAN"]
[Date "2022.11.07"]
[Round "1"]
[White "Fleury, Dominic"]
[Black "Plante, Rejean"]
[Result "0-1"]
[WhiteElo "1415"]
[BlackElo "1965"]
[PlyCount "68"]
[EventDate "2022.11.07"]
[EventType "swiss"]
[EventRounds "7"]
[EventCountry "CAN"]

1. e4 c5 2. Nf3 e6 3. g3 a6 4. Bg2 b5 5. O-O Bb7 6. e5 Qc7 7. Re1 Nc6 8. d4
cxd4 9. Nxd4 Nge7 10. Nxc6 Nxc6 11. Bf4 Be7 12. Nd2 g5 13. Be3 Qxe5 14. Nf3 Qg7
15. Qd2 h6 16. Rad1 d5 17. Bd4 Nxd4 18. Nxd4 O-O 19. c3 Bc5 20. Nf3 Rac8 21.
Kh1 Rfd8 22. h4 d4 23. cxd4 Bxf3 24. Bxf3 Rxd4 25. Qc2 Rc4 26. Qd3 Bxf2 27. Rf1
Rd4 28. Qe2 Rxd1 29. Rxd1 Bxg3 30. h5 Qe5 31. Qg2 Rc4 32. b3 Rh4+ 33. Kg1 Rh2
34. Qf1 Qe3+ 0-1

[Event "Ste-Foy 1"]
[Site "Ste-Foy CAN"]
[Date "2022.11.07"]
[Round "1"]
[White "Gingras, Philippe"]
[Black "Fillion, Jean-Yves"]
[Result "1-0"]
[WhiteElo "1936"]
[BlackElo "1317"]
[PlyCount "63"]
[EventDate "2022.11.07"]
[EventType "swiss"]
[EventRounds "7"]
[EventCountry "CAN"]

1. d4 d5 2. Nc3 Nf6 3. Bf4 c5 4. e3 cxd4 5. exd4 a6 6. Nf3 Bg4 7. h3 Bxf3 8.
Qxf3 e6 9. O-O-O Nc6 10. g4 Bd6 11. Be3 Qe7 12. Bg2 O-O-O 13. g5 Nd7 14. Rhe1
Nb6 15. Qg4 g6 16. Nxd5 Nxd5 17. Bxd5 Qd7 18. Bg2 Nb4 19. a3 Nd5 20. Rd3 Kb8
21. Kb1 Rhe8 22. Rb3 Qc7 23. Rc1 b6 24. c4 Ne7 25. Qf3 Ka7 26. c5 Bxc5 27. dxc5
b5 28. a4 Rb8 29. axb5 Rxb5 30. Rxb5 axb5 31. Rc3 Rb8 32. Ra3+ 1-0

[Event "Ste-Foy 1"]
[Site "Ste-Foy CAN"]
[Date "2022.11.07"]
[Round "1"]
[White "Laflamme, Simon"]
[Black "Warren, Alexandre"]
[Result "1-0"]
[WhiteElo "2017"]
[BlackElo "1428"]
[PlyCount "103"]
[EventDate "2022.11.07"]
[EventType "swiss"]
[EventRounds "7"]
[EventCountry "CAN"]

1. d4 d5 2. c4 c6 3. Nc3 Nf6 4. cxd5 cxd5 5. Bf4 Nc6 6. e3 a6 7. Bd3 e6 8. Nf3
Bd6 9. Bxd6 Qxd6 10. O-O O-O 11. Na4 Ra7 12. Rc1 Nb4 13. Bb1 Bd7 14. a3 Bxa4
15. Qxa4 Nc6 16. Qc2 Ne4 17. Nd2 f5 18. Nb3 Rc8 19. f3 Nf6 20. Qc5 Qd8 21. Na5
Qc7 22. Nxc6 bxc6 23. Rf2 Nd7 24. Qe7 Nf8 25. Qxc7 Raxc7 26. Bd3 a5 27. Rc5 Ra7
28. Rfc2 a4 29. Rxc6 Rxc6 30. Rxc6 Rb7 31. Rc2 Rb3 32. Rd2 Nd7 33. Kf2 g6 34.
Ke2 e5 35. Bc2 Rxb2 36. Bxa4 Rxd2+ 37. Kxd2 Nb6 38. Bb5 exd4 39. exd4 Kf7 40.
Kc3 Ke6 41. Kb4 Kd6 42. f4 h6 43. h4 Na8 44. Be8 g5 45. hxg5 hxg5 46. fxg5 Ke7
47. Bc6 Nc7 48. Kc5 Ne6+ 49. Kxd5 Nxg5 50. Ke5 Ne6 51. a4 f4 52. d5 1-0

[Event "Ste-Foy 1"]
[Site "Ste-Foy CAN"]
[Date "2022.11.07"]
[Round "1"]
[White "Laurendeau, Alfred"]
[Black "Drolet, Stephane"]
[Result "0-1"]
[WhiteElo "1508"]
[BlackElo "2156"]
[PlyCount "66"]
[EventDate "2022.11.07"]
[EventType "swiss"]
[EventRounds "7"]
[EventCountry "CAN"]

1. d4 Nf6 2. c4 e6 3. Nf3 d5 4. Nc3 Bb4 5. cxd5 exd5 6. Bg5 Nbd7 7. e3 c6 8.
Bd3 Qa5 9. Qc2 h6 10. Bxf6 Nxf6 11. O-O O-O 12. a3 Bd6 13. b4 Qc7 14. h3 a6 15.
Rfc1 Qe7 16. Na4 Be6 17. Nb6 Rae8 18. Qb2 Bc7 19. Na4 Ne4 20. Nc5 Bc8 21. Nd2
f5 22. Bxe4 fxe4 23. Nf1 Qg5 24. Kh1 Rf6 25. Nh2 Ref8 26. Rc2 Rg6 27. g4 Qh4
28. Kg2 h5 29. Rh1 hxg4 30. hxg4 Bxg4 31. Nxg4 Rxg4+ 32. Kf1 Qxh1+ 33. Ke2 Qf3+
0-1

[Event "Ste-Foy 1"]
[Site "Ste-Foy CAN"]
[Date "2022.11.07"]
[Round "1"]
[White "Poliquin, Yvon"]
[Black "Jardine, Robert"]
[Result "1-0"]
[WhiteElo "1915"]
[BlackElo "1167"]
[PlyCount "63"]
[EventDate "2022.11.07"]
[EventType "swiss"]
[EventRounds "7"]
[EventCountry "CAN"]

1. e4 d6 2. d4 g6 3. Nc3 Bg7 4. f4 Nf6 5. Nf3 O-O 6. e5 dxe5 7. fxe5 Nd5 8. Bc4
c6 9. O-O Nd7 10. Nxd5 cxd5 11. Bxd5 Nb6 12. Bb3 Be6 13. Bxe6 fxe6 14. c3 Qd7
15. Qb3 h6 16. Qc2 Kh7 17. Bd2 Qe8 18. Qe4 Rb8 19. Qh4 g5 20. Nxg5+ Kg8 21.
Nxe6 Rxf1+ 22. Rxf1 Qg6 23. Nxg7 Kxg7 24. Bxh6+ Qxh6 25. Rf7+ Kg6 26. Qxe7 Qe3+
27. Rf2 Qc1+ 28. Rf1 Qe3+ 29. Kh1 Kh5 30. Qh7+ Kg4 31. h3+ Kg5 32. Rf5# 1-0

[Event "Ste-Foy 1"]
[Site "Ste-Foy CAN"]
[Date "2022.11.14"]
[Round "2"]
[White "Belanger, Mathieu-Olivier"]
[Black "Laflamme, Simon"]
[Result "1-0"]
[WhiteElo "1797"]
[BlackElo "2017"]
[PlyCount "53"]
[EventDate "2022.11.07"]
[EventType "swiss"]
[EventRounds "7"]
[EventCountry "CAN"]

1. e4 e5 2. Nf3 Nc6 3. Bc4 Bc5 4. c3 Nf6 5. d4 exd4 6. e5 d5 7. Bb5 Ne4 8. cxd4
Bb4+ 9. Bd2 Nxd2 10. Nbxd2 O-O 11. Bxc6 bxc6 12. O-O Bg4 13. Qc2 Bxd2 14. Nxd2
Qg5 15. f4 Qg6 16. f5 Qg5 17. Nb3 Rab8 18. f6 g6 19. Qc3 Rb6 20. Qg3 h6 21. h4
Qh5 22. Rf4 Be6 23. Raf1 Kh7 24. Qd3 Kh8 25. Nc5 Rxb2 26. Nxe6 fxe6 27. Qa3 1-0

[Event "Ste-Foy 1"]
[Site "Ste-Foy CAN"]
[Date "2022.11.14"]
[Round "2"]
[White "Chabot, Michelin"]
[Black "Dube, Dominic"]
[Result "0-1"]
[WhiteElo "1521"]
[BlackElo "1765"]
[PlyCount "80"]
[EventDate "2022.11.07"]
[EventType "swiss"]
[EventRounds "7"]
[EventCountry "CAN"]

1. d4 c6 2. c4 d5 3. e3 Nd7 4. Nf3 e6 5. a3 Ngf6 6. Nbd2 Be7 7. Qc2 c5 8. dxc5
Bxc5 9. b4 Be7 10. Bb2 b6 11. Be2 Bb7 12. Rc1 Rc8 13. Qb1 O-O 14. O-O Bd6 15.
Rfd1 Ba6 16. b5 Bb7 17. cxd5 Rxc1 18. Rxc1 Nxd5 19. Nc4 Bc5 20. Rd1 Qe7 21. a4
Rc8 22. Nce5 Nxe5 23. Nxe5 Qg5 24. Nf3 Qg4 25. h3 Qxa4 26. Qa1 Qxa1 27. Rxa1
Ra8 28. Ne5 Nb4 29. Bf3 Bxf3 30. gxf3 f6 31. Nd7 Nd3 32. Bd4 Bxd4 33. exd4 Nf4
34. Nxb6 Rb8 35. Nd7 Rxb5 36. Rxa7 Nxh3+ 37. Kg2 Nf4+ 38. Kg3 Ne2+ 39. Kg2 Rg5+
40. Kf1 Nxd4 0-1

[Event "Ste-Foy 1"]
[Site "Ste-Foy CAN"]
[Date "2022.11.14"]
[Round "2"]
[White "Drolet, Stephane"]
[Black "Poliquin, Yvon"]
[Result "1-0"]
[WhiteElo "2156"]
[BlackElo "1915"]
[PlyCount "49"]
[EventDate "2022.11.07"]
[EventType "swiss"]
[EventRounds "7"]
[EventCountry "CAN"]

1. d4 e6 2. Bf4 f5 3. e3 Nf6 4. Bd3 b6 5. Ne2 Bb7 6. O-O g5 7. Bg3 Nc6 8. c3
Ne7 9. f3 Ng6 10. Nd2 Qe7 11. a4 Nd5 12. Bf2 a5 13. g3 Rg8 14. e4 Ndf4 15. gxf4
gxf4 16. Kh1 Nh4 17. Bxh4 Qxh4 18. Rg1 Rxg1+ 19. Qxg1 O-O-O 20. Qg2 Qh5 21. Rg1
Bh6 22. c4 Kb8 23. d5 Rf8 24. Nc3 Rf6 25. Qg8+ 1-0

[Event "Ste-Foy 1"]
[Site "Ste-Foy CAN"]
[Date "2022.11.14"]
[Round "2"]
[White "Gaudreau, Eric"]
[Black "Michaud, Jacques"]
[Result "0-1"]
[WhiteElo "1658"]
[BlackElo "1513"]
[PlyCount "56"]
[EventDate "2022.11.07"]
[EventType "swiss"]
[EventRounds "7"]
[EventCountry "CAN"]

1. d4 Nf6 2. Nf3 g6 3. e3 Bg7 4. b4 d5 5. Bb2 O-O 6. c4 c6 7. Nbd2 Bf5 8. Be2
Nbd7 9. O-O Re8 10. h3 Nf8 11. Rc1 Rc8 12. Ne5 N8d7 13. Qb3 Nxe5 14. dxe5 Nd7
15. Nf3 e6 16. g4 Be4 17. Nd4 Qh4 18. f3 Qg3+ 19. Kh1 Qxh3+ 20. Kg1 Bxe5 21.
Rf2 dxc4 22. Bxc4 Bxd4 23. exd4 Qg3+ 24. Kf1 Bd5 25. Bxd5 exd5 26. Rcc2 Qh3+
27. Rg2 Re6 28. Rce2 Rxe2 0-1

[Event "Ste-Foy 1"]
[Site "Ste-Foy CAN"]
[Date "2022.11.14"]
[Round "2"]
[White "Jardine, Robert"]
[Black "Laurendeau, Alfred"]
[Result "0-1"]
[WhiteElo "1167"]
[BlackElo "1508"]
[PlyCount "54"]
[EventDate "2022.11.07"]
[EventType "swiss"]
[EventRounds "7"]
[EventCountry "CAN"]

1. d4 Nf6 2. Nf3 e6 3. Bf4 b6 4. e3 Bb7 5. Bd3 Be7 6. Nbd2 O-O 7. c3 d6 8. h3
Nbd7 9. Qc2 c5 10. O-O-O d5 11. Be2 c4 12. g4 b5 13. Ne5 Nxe5 14. Bxe5 b4 15.
Rhg1 Qa5 16. b3 bxc3 17. Nxc4 dxc4 18. Bxc4 Ba3+ 19. Kb1 Ne4 20. Qd3 Nxf2 21.
Qe2 Nxd1 22. Qxd1 Be4+ 23. Bd3 Bxd3+ 24. Qxd3 Rac8 25. Kc2 Rfd8 26. g5 Bd6 27.
Bxg7 Qxa2+ 0-1